| 000 | 00592nam a2200181 i 4500 | ||
|---|---|---|---|
| 001 | 92774 | ||
| 003 | ES-MaACL | ||
| 005 | 20230906181045.0 | ||
| 007 | t| | ||
| 008 | 050505s1980 mx ||||1| spa d | ||
| 080 | _a821.134.2(729.5)-92"19" | ||
| 100 | 1 |
_aMontañez Cáceres, Fedora. _982401 |
|
| 245 | 1 | 0 |
_aIsla capitana _b: estampas de Puerto Rico / _cFedora Montañez Cáceres ; portada e ilustraciones de: Antonio Martorell. |
| 260 |
_aMéxico : _b[s.n., _c1980] |
||
| 300 |
_a50 p. : _bil. ; _c21 cm. |
||
| 700 | 1 |
_aMartorell, Antonio. _978530 |
|
| 852 |
_aES-MaACL _j2188-F-6 _bR.135910 |
||
| 999 |
_c92774 _d92774 |
||